000 00224 a2200097 4500
001 11228
100 _aCrouch, M.
245 _aThe Grand Stratogy of the Soviet Un
260 _a
_bSt. Martin,s Press
_c
090 _c8780
_d8780
942 _aNUST-CAE
_c
_c35578
999 _c246301
_d246301